Alliterative Bordering Countries Quiz Stats

 Plays Quiz Updated Nov 2, 2018

Challenge
Share
Tweet
Embed
Score 0/17 Timer 06:00
10 Plays Today
First Letter Bordering Countries % Correct
ZZambia and Zimbabwe
82.5%
IIran and Iraq
73.4%
LLatvia and Lithuania
63.8%
NNiger and Nigeria
63.8%
KKazakhstan and Kyrgyzstan
62.5%
BBolivia and Brazil
60.8%
EEritrea and Ethiopia
60.1%
AArmenia and Azerbaijan
53.7%
MMali and Mauritania
51.8%
First Letter Bordering Countries % Correct
GGuinea and Guinea-Bissau
44.5%
CCentral African Republic and Chad
40.1%
MMauritania and Morocco
35%
CCameroon and Chad
34.9%
MMalawi and Mozambique
34.6%
CCameroon and Central African Republic
34.2%
BBenin and Burkina Faso
27.2%
SSouth Sudan and Sudan
27.2%

You're not logged in!

Compare scores with friends on all Sporcle quizzes.
OR
Log In

You Might Also Like...

Show Comments

Extras

Top Quizzes Today


Score Distribution

Your Account Isn't Verified!

In order to create a playlist on Sporcle, you need to verify the email address you used during registration. Go to your Sporcle Settings to finish the process.

Report this User

Report this user for behavior that violates our Community Guidelines.

Details: